| 000 | 00672nam a22002297a 4500 | ||
|---|---|---|---|
| 003 | UA-OsUOA | ||
| 001 | 130892 | ||
| 007 | ta | ||
| 008 | 20180516b un ||||| |||| 00| 0 ukr d | ||
| 090 |
_a94(477).044.1 _bІ-99 |
||
| 942 | _cBK | ||
| 040 |
_aUA-OsUOA _bukr _cUA-OsUOA _dUA-OsUOA |
||
| 245 |
_aІван Мазепа і Москва _bісторичні розвідки і статті _cред. Л. Бондаренко |
||
| 300 | _a174 с. | ||
| 955 | _a1 | ||
| 041 | _aukr | ||
| 080 | _a94(477).044.1 | ||
| 020 | _a5-7707-5804-Х | ||
| 260 |
_aК. _bРада _c1994 |
||
| 650 | 7 |
_a9 Географія. Біографії. Історія _2UDC |
|
| 999 |
_c419105 _d419105 |
||